000 00504nam a2200145Ia 4500
008 100122s9999 xx 000 0 und d
082 _b62617
_a520
100 _aसहस्त्रबुध्दे रमेश
245 _aचंद्र असा जिंकला !
260 _bमधुराज पब्लिकेशन
_c2002
300 _a54
630 _aचंद्र असा जिंकला !
730 _aचंद्र असा जिंकला !
942 _cBOOK
999 _c436953
_d436950